00600 2200217 4500001002100000005001700021008004100038035002400079082001100103090001800114100001600132245006100148260002900209300001900238500005100257650002400308700001400332850001500346985000600361999001500367YOGYA-0209000002949620090227024340.0 ind  0010-020900000029496 a658.85 a658.86bWol K aWOLFE, John aRahasia sukses salesmancJohn Wolfe; alih bahasa AN.Nast aJakartabCay Pressc(SA) a235 hlmc18 cm aJudul asli : All like an ace-live like a kingi aManajemen penjualan aNast, A.N aYOPDYOG(B) a1 aP000012915